9 Easiest Languages for English Speakers to Learn - Statistics

General Stats
  • This quiz has been taken 219 times
  • The average score is 8 of 9
Answer Stats
Hint Answer % Correct
A language also referred to as Castilian Spanish
96%
The official language of Belgium, Benin and Burkina Faso French
94%
One of the closest languages to Vulgar Latin Italian
89%
The official language in Angola and Mozambique Portuguese
88%
The native language of YouTube phenom PewDiePie Swedish
86%
West Germanic language spoken in South Africa, Namibia, Botswana and Zimbabwe. Afrikaans
83%
Native language of the pop group A-Ha who sang the hit Take Me On Norwegian
83%
Native language of actor Viggo Mortensen Danish
82%
The native language of Olympic gymnast Nadia Comaneci Romanian
79%
No matching quizzes found
Score Distribution
Percent of People with Each Score
Percentile by Number Answered
Your Score History
You have not taken this quiz